banner-ar

الكتابة الوظيفية : (Record no. 62279)

MARC details
000 -الفاتح
حقل البيانات ثابتة الطول 01012nam a22002417a 4500
005 - وقت وتاريخ اخر تعامل مع التسجيلة
رقم الضبط 20240530110542.0
008 - عناصر البيانات ثابتة الطول - معلومات عامة
حقل البيانات ثابتة الطول 160515s2013 ku g b 000 0 ara d
017 ## - رقم الايداع القانونى
رقم الايداع القانونى 2013/4/1190
المصدر ( الهيئة المختصة) الكويت . دائرة المكتبة الوطنية
020 ## - الرقم الدولى المعيارى للكتب
الرقم الدولى المعيارى للكتاب 9789957172053
040 ## - مصدر الفهرسة
وكالة الفهرسة الأصلية EG-CaGPL
082 04 - رقم تصنيف ديوى العشرى
رقم الطبعة 21
رقم التصنيف 411\
رقم المادة ع ك
100 0# - المدخل الرئيسى - إسم شخصى
الإسم الشخصى عبدالقادر شريف ابوشريفة .
245 12 - بيان العنوان
العنوان الكتابة الوظيفية :
بقية العنوان منهج جديد فى فن الكتابة و التعبير /
بيان المسئوليه,etc عبدالقادر شريف ابوشريفة .
250 ## - بيان الطبعة
بيان الطبعة ط.1
260 ## - PUBLICATION, DISTRIBUTION, ETC. (IMPRINT)
تاريخ النشر أو التوزيع 2013 .
300 ## - الوصف المادى
التعداد 234 ص ؛
أبعاد الوعاء 24 سم .
490 0# - بيان السلسلة
عنوان السلسلة سلسلة المهارات فى اللغة العربية
504 ## - تبصرة ببليوجرافية
تبصرة ببليوجرافية,الخ يشتمل على ارجاعات ببليوجرافية .
650 04 - المدخل الاضافى بالموضوع-مصطلح موضوعى
مصطلح موضوعي اللغة العربية
التقسيم الفرعي العام الكتابة .
650 04 - المدخل الاضافى بالموضوع-مصطلح موضوعى
مصطلح موضوعي التعبير .
942 ## - عناصر المدخل الإضافي( كوها)
مصدر التصنيف او مخطط الترفيف Dewey Decimal Classification
Koha [default] item type كتاب
260 ## - PUBLICATION, DISTRIBUTION, ETC. (IMPRINT)
-- الكويت :
-- مكتبة الفلاح للنشر و التوزيع ،
Holdings
حالة التراجع حالة الفقد حالة تلف ليس للاعارة المكان المؤقت الموقع الحالى تاريخ الاكتساب اجمالي اﻻعارات رقم الطلب الباركود تاريخ اخر مشاهدة تاريخ تفعيل السعر نوع وعاء كوها
        مكتبة القاهرة الكبرى مكتبة القاهرة الكبرى 05/15/2016   411\ ع ك 161953 05/15/2016 05/15/2016 كتاب

Powered By

EGPV